Star Trek: Voyager Episodes - Statistics

General Stats
  • This quiz has been taken 75 times
  • The average score is 60 of 171
Answer Stats
Season3 Episode Answer % Correct
1 1/2 Caretaker
90%
7 25 Endgame
86%
7 26 Endgame, Part II
86%
6 26 Unimatrix Zero
86%
7 1 Unimatrix Zero, Part II
86%
3 26 Scorpion
83%
4 1 Scorpion, Part II
83%
4 8 Year of Hell
83%
4 9 Year of Hell, Part II
83%
1 3 Parallax
69%
2 26 Basics, Part I
66%
3 1 Basics, Part II
66%
4 25 One
66%
2 1 The 37's
62%
4 6 The Raven
62%
5 1 Night
55%
5 15 Dark Frontier
52%
5 16 Dark Frontier, Part II
52%
6 11 Fair Haven
52%
1 5 Phage
52%
2 24 Tuvix
52%
5 12 Bride of Chaotica!
48%
4 3 Day of Honor
48%
5 26 Equinox
48%
6 1 Equinox, Part II
48%
1 7 Eye of the Needle
48%
3 8 Future's End
48%
3 9 Future's End, Part II
48%
4 15 Hunters
48%
4 16 Prey
48%
4 2 The Gift
48%
5 9 Thirty Days
48%
2 15 Threshold
48%
6 3 Barge of the Dead
45%
2 18 Death Wish
45%
5 11 Latent Image
45%
3 12 Macrocosm
45%
4 14 Message in a Bottle
45%
3 3 The Chute
45%
1 4 Time and Again
45%
5 23 11:59
41%
4 24 Demon
41%
2 17 Dreadnought
41%
5 2 Drone
41%
4 26 Hope and Fear
41%
4 4 Nemesis
41%
1 6 The Cloud
41%
4 18 The Killing Game
41%
7 15 The Void
41%
5 6 Timeless
41%
7 16 Workforce
41%
7 17 Workforce, Part II
41%
1 8 Ex Post Facto
38%
1 16 Learning Curve
38%
4 23 Living Witness
38%
2 16 Meld
38%
3 19 Rise
38%
3 11 The Q and the Grey
38%
6 4 Tinker Tenor Doctor Spy
38%
3 25 Worst Case Scenario
38%
6 12 Blink of an Eye
34%
1 13 Cathexis
34%
2 10 Cold Fire
34%
6 16 Collective
34%
2 21 Deadlock
34%
3 23 Distant Origin
34%
2 4 Elogium
34%
1 9 Emanations
34%
5 3 Extreme Risk
34%
1 14 Faces
34%
7 23 Homestead
34%
5 21 Juggernaut
34%
7 19 Q2
34%
4 17 Retrospect
34%
4 7 Scientific Method
34%
5 22 Someone to Watch Over Me
34%
6 17 Spirit Folk
34%
5 10 Counterpoint
31%
3 18 Darkling
31%
3 2 Flashback
31%
7 9 Flesh and Blood
31%
7 10 Flesh and Blood, Part II
31%
1 12 Heroes and Demons
31%
6 21 Live Fast and Prosper
31%
6 10 Pathfinder
31%
2 8 Persistence of Vision
31%
1 10 Prime Factors
31%
7 24 Renaissance Man
31%
2 25 Resolutions
31%
4 5 Revulsion
31%
7 11 Shattered
31%
2 9 Tattoo
31%
6 25 The Haunting of Deck Twelve
31%
2 6 Twisted
31%
6 13 Virtuoso
31%
3 10 Warlord
31%
6 5 Alice
28%
3 14 Alter Ego
28%
3 21 Before and After
28%
3 16 Blood Fever
28%
7 7 Body and Soul
28%
6 19 Child's Play
28%
3 15 Coda
28%
5 18 Course: Oblivion
28%
6 20 Good Shepherd
28%
2 20 Investigations
28%
7 8 Nightingale
28%
5 8 Nothing Human
28%
6 8 One Small Step
28%
3 22 Real Life
28%
5 24 Relativity
28%
1 11 State of Flux
28%
5 19 The Fight
28%
3 4 The Swarm
28%
2 23 The Thaw
28%
6 15 Tsunkatse
28%
3 17 Unity
28%
2 14 Alliances
24%
7 20 Author, Author
24%
5 14 Bliss
24%
6 7 Dragon's Teeth
24%
3 13 Fair Trade
24%
3 20 Favorite Son
24%
7 21 Friendship One
24%
5 13 Gravity
24%
7 2 Imperfection
24%
5 7 Infinite Regress
24%
2 2 Initiations
24%
2 5 Non Sequitur
24%
5 5 Once Upon a Time
24%
2 12 Resistance
24%
6 6 Riddles
24%
4 21 The Omega Directive
24%
6 9 The Voyager Conspiracy
24%
5 25 Warhead
24%
4 11 Concerning Flight
21%
3 24 Displaced
21%
7 3 Drive
21%
6 23 Fury
21%
2 22 Innocence
21%
5 4 In the Flesh
21%
1 15 Jetrel
21%
6 22 Muse
21%
2 7 Parturition
21%
7 14 Prophecy
21%
2 13 Prototype
21%
3 7 Sacred Ground
21%
5 17 The Disease
21%
4 19 The Killing Game, Part II
21%
5 20 Think Tank
21%
4 13 Waking Moments
21%
6 18 Ashes to Ashes
17%
7 5 Critical Care
17%
7 18 Human Error
17%
7 6 Inside Man
17%
6 24 Life Line
17%
2 19 Lifesigns
17%
6 14 Memorial
17%
4 12 Mortal Coil
17%
2 3 Projections
17%
4 10 Random Thoughts
17%
3 6 Remember
17%
6 2 Survival Instinct
17%
4 22 Unforgettable
17%
4 20 Vis à Vis
17%
3 5 False Profits
14%
2 11 Maneuvers
14%
7 22 Natural Law
14%
7 4 Repression
14%
7 12 Lineage
10%
7 13 Repentance
3%
No matching quizzes found
Score Distribution
Percent of People with Each Score
Percentile by Number Answered
Your Score History
You have not taken this quiz